| 000 | 01292nam a22002777a 4500 | ||
|---|---|---|---|
| 005 | 20110214110156.0 | ||
| 008 | 090211t xxu||||| |||| 00| 0 hin d | ||
| 010 | _aHIN-92042 | ||
| 020 |
_c250.00 _a9788190832083 |
||
| 035 | _aHN-64388 | ||
| 037 | _bDBAD / PUB | ||
| 040 |
_aDPL _bHN |
||
| 082 | _a820.08 | ||
| 100 |
_925892 _aमिश्र, सरजू प्रसाद |
||
| 245 |
_aशब्द शिल्पियों से सीधी बातचीतः _cसरजू प्रसाद मिश्र _bभारतीय साहित्यकारों के साक्षात्कार / |
||
| 246 |
_aShabd shilipiyon se sidhi batchit _bby Sarju prasad Mishra |
||
| 260 |
_aकानपुर _bअमन प्रकाशन _c2009 |
||
| 270 |
_a104A /118 रामबाग, _bकानपुर _e208012 _kR-0512-2574766 M-09839218516 |
||
| 300 |
_a135पृ. _c22सेमी (सजिल्द) |
||
| 600 | _926585 | ||
| 650 | _91169 | ||
| 650 | _925893 | ||
| 700 | _925894 | ||
| 942 |
_2ddc _cHN _h820.08 _mमिश्रस |
||
| 999 |
_c51059 _d51059 |
||